00873nam a2200205 a 450000100100000000500170001000800410002704000250006808200080009310000340010124500900013525000110022526000360023630000200027204900090029295201270030195201080042895201140053699900170065000002405120200930022657.0110118s2010 dr 000 0 spa d aDO-SdBNPbspacBNPHU axxx1 aMejía-Richart, Tirso94942210aPRD postulciones y desviaciones del socialismo democrático /cTirso Mejía-Ricart. a2a ed. aSanto Domingo :bBúho,c2010. a27 p. ;c22 cm. aBNPD 001053708DSaGRbGRcCTd2011-01-18iLF1l0oxxx p24051-30r2020-06-25te. 3w2020-06-25yLFDSZPréstamo restringido 0010718PDaPDbPDcCTd2011-01-18iLF1l0oxxx p24051-10r2020-06-25w2020-06-25yLFPDZNo se presta 0010718PDaPDbPDcCTd2011-01-18iLF1l0oxxx p24051-20r2020-06-25te. 2w2020-06-25yLFPDZNo se presta c23546d23546